Funcionamiento y control de una economía en desequilibrio / (Registro nro. 8345)

Detalles MARC
000 -LEADER
fixed length control field 01231nam a2200253Ia 4500
003 - CONTROL NUMBER IDENTIFIER
control field OSt
005 - DATE AND TIME OF LATEST TRANSACTION
control field 20210817161705.0
008 - FIXED-LENGTH DATA ELEMENTS--GENERAL INFORMATION
fixed length control field 210310s1984 ck gr 000 0dspa d
020 ## - INTERNATIONAL STANDARD BOOK NUMBER
International Standard Book Number 8489218013
040 ## - CATALOGING SOURCE
Original cataloging agency CO-JMCR
Transcribing agency CO-JMCR
041 0# - LANGUAGE CODE
Language code of text/sound track or separate title spa
082 04 - DEWEY DECIMAL CLASSIFICATION NUMBER
Classification number 339.5 /
Item number S246f
Edition number 23
100 1# - MAIN ENTRY--PERSONAL NAME
Personal name Sarmiento Palacio, Eduardo,
9 (RLIN) 16999
Relator term autor
245 10 - TITLE STATEMENT
Title Funcionamiento y control de una economía en desequilibrio /
Statement of responsibility, etc. Eduardo Sarmiento Palacio
250 ## - EDITION STATEMENT
Edition statement Primera edición
260 ## - PUBLICATION, DISTRIBUTION, ETC.
Place of publication, distribution, etc. Bogotá :
Name of publisher, distributor, etc. Contraloría General de la República,
Date of publication, distribution, etc. 1984
300 ## - PHYSICAL DESCRIPTION
Extent 442 páginas ;
Dimensions 21 cm.
490 0# - SERIES STATEMENT
Series statement Textos ;
Volume/sequential designation No.4
500 ## - GENERAL NOTE
General note Incluye notas a pie de página y datos biográficos del autor.
505 0# - FORMATTED CONTENTS NOTE
Formatted contents note Formación y comportamientos de los salarios -- Interrelación entre la industria y la agricultura -- Industria -- Agricultura -- Ahorro -- Dineros y capital -- Mercado de capitales -- Regulación administrativa de la tasa de interés -- Oferta monetaria -- Dinero, producción y precios -- Sector externo -- Exportaciones menores -- Producción y exportaciones del café -- Progreso y equidad
650 14 - SUBJECT ADDED ENTRY--TOPICAL TERM
Topical term or geographic name entry element Política económica
9 (RLIN) 17001
Geographic subdivision Colombia
650 24 - SUBJECT ADDED ENTRY--TOPICAL TERM
Topical term or geographic name entry element Condiciones económicas
Geographic subdivision Colombia
9 (RLIN) 6839
942 ## - ADDED ENTRY ELEMENTS (KOHA)
Source of classification or shelving scheme Dewey Decimal Classification
Koha item type Books
Existencias
Withdrawn status Lost status Source of classification or shelving scheme Damaged status Not for loan Collection code Home library Current library Date acquired Source of acquisition Full call number Barcode Date last seen Copy number Koha item type
    Dewey Decimal Classification     Non-fiction Biblioteca Pública José María del Castillo y Rada Biblioteca Pública José María del Castillo y Rada 04/15/2018 Donación 339.5 / S246f 430006296 05/16/2024 Ej.1 Books